00846nam a2200241 i 4500003000900000005001700009007000300026008004100029020001800070040003000088041000800118082001700126100004500143245010900188264003800297300002700335336002700362337003300389338002800422500006000450500005900510700003500569DO-SdBNP20250508091153.0ta250508b2024 dr ||||| |||| 00| 0 spa d a9789945290998 aDO-SdBNPbspacBNPHUerda aspa 4axxxbxxx222 aNolasco Astacio, Amantina, eautor4aut.10a¿Por qué los cangrejos caminan para atrás? /cAmantina Nolasco Astacio ; edición, Máximo Castro 1aSanto Domingo :bYeraldin,c2024. a23 páginas ;c20 cm. atextobtxt2rdacontent asin mediaciónbn2rdamedia avolumenbnc2rdacarrier aIncluye datos biográficos del autor en la página 22 aEl conjuro que hizo caminar al revés a los cangrejos1 aCastro, Máximo,eeditor4ed.